La animación sociocultural : una propuesta metodológica /
Libro centrado en el cómo realizar la práctica de la animación social desde una óptica didáctica, donde se ofrecen pautas de aprendizaje y aplicación, métodos para innovar y crear, y propuestas para mejorar y ampliar la participación en la construcción y consumo de la cultura.
I tiakina i:
| Kaituhi matua: | |
|---|---|
| Ētahi atu kaituhi: | , |
| Hōputu: | Pukapuka |
| Reo: | Pāniora |
| I whakaputaina: |
Madrid, España :
Editorial Popular,
2001, c2001
|
| Putanga: | 8a edición |
| Rangatū: | (Promoción Cultural ;
7) |
| Ngā marau: | |
| Ngā Tūtohu: |
Kāore He Tūtohu, Me noho koe te mea tuatahi ki te tūtohu i tēnei pūkete!
|
MARC
| LEADER | 00000nam^a2200000^a^4500 | ||
|---|---|---|---|
| 001 | 000181680 | ||
| 005 | 20250521000000.0 | ||
| 009 | 20260310101939.535 | ||
| 020 | |a 84-7884-163-6 | ||
| 037 | |a Acervo ITESO - Biblioteca | ||
| 041 | |a ESP | ||
| 082 | |a 361. |b CEM | ||
| 100 | |a Cembranos, Fernando |e (autor) | ||
| 245 | 1 | 3 | |a La animación sociocultural : |b una propuesta metodológica / |c F. Cembranos, D.H. Montesinos, M. Bustelo. |
| 250 | |a 8a edición | ||
| 264 | 4 | |a Madrid, España : |b Editorial Popular, |c 2001, c2001 | |
| 300 | |a 240 p. | ||
| 336 | |a texto |b txt |2 rdacontenido | ||
| 337 | |a sin mediación |b n |2 rdamedio | ||
| 338 | |a volumen |b nc |2 rdasoporte | ||
| 440 | 1 | |a (Promoción Cultural ; |v 7) | |
| 520 | |a Libro centrado en el cómo realizar la práctica de la animación social desde una óptica didáctica, donde se ofrecen pautas de aprendizaje y aplicación, métodos para innovar y crear, y propuestas para mejorar y ampliar la participación en la construcción y consumo de la cultura. | ||
| 649 | |a XX | ||
| 650 | |a Animación Sociocultural - |x Metodología - |x Tema Principal | ||
| 650 | |a Gestión Cultural - |x Tema Principal | ||
| 650 | |a Trabajo en Equipo | ||
| 650 | |a Recursos Humanos | ||
| 650 | |a Presupuesto - |x Administración | ||
| 650 | |a Planeación Estratégica | ||
| 650 | |a Planeación Administrativa | ||
| 650 | |a Organización Administrativa | ||
| 650 | |a Evaluación del Desempeño | ||
| 650 | |a Consumo y Oferta Cultural | ||
| 700 | |a Montesinos, David H. |e (autor) | ||
| 700 | |a Bustelo, María |e (autor) | ||
| 910 | |a Fondo General | ||
| 920 | |a Impresos - Libros | ||
| 930 | |a Colección General | ||
| 905 | |a 101 | ||
| 901 | |a 0500121627 |b IT1 |c ACC |u 20250521 | ||
| 902 | |a https://opac.biblio.iteso.mx/vufind/Record/000181680 | ||